| 000 | 00442nam a2200169Ia 4500 | ||
|---|---|---|---|
| 003 | LK-CoDNM | ||
| 005 | 20240122140139.0 | ||
| 008 | 010623t1935 xxu||||| |||| 00| 1 sin d | ||
| 040 |
_aLK-CoDNM _dLK-CoDNM _eLK-CoDNM |
||
| 041 | _asin | ||
| 080 |
_a104 _bK 25 |
||
| 245 | _aමරණානුස්මෘති ධර්මය | ||
| 246 | _aMarananusmruti Dharmaya | ||
| 260 |
_bLankaloka _aGalle _c1935 |
||
| 300 | _b2p, 18 cm | ||
| 942 | _cBK | ||
| 999 |
_c97848 _d97848 |
||